000 00306nam a2200097Ia 4500
082 _a613.71 ACKL
245 0 _a10-minute pilates with the ball : simple routines for a strong, toned body
100 _a ACKLAND, Lesley London, 2003
_993685
942 _cBK
008 210817s9999 xx 000 0 und d
999 _c382866
_d382865